What is man? (Record no. 35714)
[ view plain ]
| 000 -LEADER | |
|---|---|
| fixed length control field | 00945cam a2200265 4500 |
| 001 - CONTROL NUMBER | |
| control field | 1735432 |
| 005 - DATE AND TIME OF LATEST TRANSACTION | |
| control field | 20050729151859.0 |
| 008 - FIXED-LENGTH DATA ELEMENTS--GENERAL INFORMATION | |
| fixed length control field | 700825s1970 pau b 000 0 eng |
| 010 ## - LIBRARY OF CONGRESS CONTROL NUMBER | |
| LC control number | 74101429 |
| 040 ## - CATALOGING SOURCE | |
| Original cataloging agency | DLC |
| Transcribing agency | DLC |
| Modifying agency | DLC |
| 041 1# - LANGUAGE CODE | |
| Language code of text/sound track or separate title | eng |
| Language code of original and/or intermediate translations of text | ger |
| 050 00 - LIBRARY OF CONGRESS CALL NUMBER | |
| Classification number | BT703 |
| Item number | .P3513 |
| 100 1# - MAIN ENTRY--PERSONAL NAME | |
| Personal name | Pannenberg, Wolfhart, |
| Dates associated with a name | 1928- |
| 240 10 - UNIFORM TITLE | |
| Uniform title | <a href="Was ist der Mensch?">Was ist der Mensch?</a> |
| Language of a work | English |
| 245 10 - TITLE STATEMENT | |
| Title | What is man? |
| Remainder of title | Contemporary anthropology in theological perspective. |
| Statement of responsibility, etc | Translated by Duane A. Priebe. |
| 260 ## - PUBLICATION, DISTRIBUTION, ETC. (IMPRINT) | |
| Place of publication, distribution, etc | Philadelphia, |
| Name of publisher, distributor, etc | Fortress Press |
| Date of publication, distribution, etc | [1970] |
| 300 ## - PHYSICAL DESCRIPTION | |
| Extent | ix, 149 p. |
| Dimensions | 20 cm. |
| 350 ## - PRICE (NR) (BK AM CF MU VM SE) [OBSOLETE] | |
| Price | 4.50 |
| 500 ## - GENERAL NOTE | |
| General note | Translation of Was ist der Mensch? |
| 504 ## - BIBLIOGRAPHY, ETC. NOTE | |
| Bibliography, etc | Includes bibliographical references. |
| 650 #0 - SUBJECT ADDED ENTRY--TOPICAL TERM | |
| Topical term or geographic name as entry element | Theological anthropology |
| General subdivision | Christianity. |
| 906 ## - LOCAL DATA ELEMENT F, LDF (RLIN) | |
| a | 7 |
| b | cbc |
| c | orignew |
| d | 2 |
| e | ncip |
| f | 19 |
| g | y-gencatlg |
| 942 ## - ADDED ENTRY ELEMENTS (KOHA) | |
| Source of classification or shelving scheme | Library of Congress Classification |
| Item type | Book |
| Withdrawn status | Lost status | Source of classification or shelving scheme | Damaged status | Not for loan | Collection code | Home library | Current library | Shelving location | Date acquired | Total Checkouts | Full call number | Barcode | Copy number | Price effective from | Koha item type |
|---|---|---|---|---|---|---|---|---|---|---|---|---|---|---|---|
| Library of Congress Classification | Non-fiction | Bishop Okullu Memorial Library (Limuru Campus) | Bishop Okullu Memorial Library (Limuru Campus) | General Circulation | 15/10/2009 | BT703 .P3513 | 011092 | 1 | 15/10/2009 | Book |